00666cam a2200157 i 4500020001700000082003000017110003800047245004100085260015100126300003300277526003900310650006300349650000900412650003600421650005100457 a0309025850 :00a380.5/08 sa388.4bNATcD2 aNational Research Council (U.S.).10aPassenger travel demand forecasting. aWashington :bTransportation Research Board, Commission on Sociotechnical Systems, National Research Council, National Academy of Sciences,c1976. aiii, 52 p. :bill. ;c28 cm. a0b0c0d380_508000000000000_S_NAT 0aChoice of transportationxMathematical modelsxCongresses. 0aNUST 0aTraffic estimationxCongresses. 0aTransportationxPassenger trafficxCongresses.